000 00517nam a2200157Ia 4500
008 100122s9999 xx 000 0 und d
082 _b52036
_a796.358
100 _aसंझगिरी द्वारकानाथ
245 _aक्रिकेट गाथा
250 _a1
260 _bजीवन जागृती केंद्र प्रकाशन
_c1996
300 _a118
630 _aक्रिकेट गाथा
730 _aक्रिकेट गाथा
942 _cBOOK
999 _c429312
_d429309